[Event "Dos Hermanas-A"]
[Site "Dos Hermanas"]
[Date "2003.03.29"]
[Round "2"]
[White "Illescas Cordoba, Miguel"]
[Black "Shirov, Alexei"]
[Result "0-1"]
[WhiteElo "2595"]
[BlackElo "2723"]
[Annotator "Ribli,Z"]
[PlyCount "116"]
[EventDate "2003.03.28"]
[EventType "tourn"]
[EventRounds "9"]
[EventCountry "ESP"]
[EventCategory "16"]
[SourceTitle "CBM 095"]
[Source "ChessBase"]
[SourceDate "2003.07.25"]
[SourceVersion "1"]
[SourceVersionDate "2003.07.25"]
[SourceQuality "1"]

1. c4 {Ftacnik} e6 2. Nf3 d5 3. g3 dxc4 4. Bg2 Nf6 5. O-O Be7 (5... a6 6. Ne5 (
6. Nc3 Nbd7 7. Qa4 c5 8. Qxc4 b5 9. Qb3 Bb7 $11) 6... Qd4 7. Nf3 Qd6 8. a4 Nc6
9. Na3 Na5 10. Qc2 Qc5 11. d4 cxd3 12. Qxd3 Qf5 $1 $15 {0-1 Nikolac,J-Adams,M/
Neum 2002/CBM 90/[Ribli] (53)}) 6. Qa4+ Nbd7 7. Qxc4 c5 (7... a6 8. Qc2 Rb8 9.
d4 b5 10. Bf4 Nd5 11. Nc3 Nxf4 12. gxf4 Bb7 13. Rfd1 O-O 14. Rac1 Bxf3 15. Bxf3
Bd6 16. e3 f5 {1/2-1/2 Ribli,Z-Raupp,T/Germany 1987/GER-chT (39)}) 8. d4 {
Auf diese Weise haben wir eine Stellung, die typisch ist für die Katalanische
Verteidigung.} Nb6 {Ftacnik: 'Ever original Shirov is looking for independent
ways, his 8th move already represents a small novelty.'} 9. Qc2 $6 {Dieser
Damezug scheint mir unnatürlich - im Folgenden muss die Dame von der c-Linie
weichen.} (9. Qd3 $142 $5) (9. Qb3 {Ftacnik} cxd4 10. Rd1 Bd7 11. a4 Qc7 12.
Nxd4 O-O $13) 9... cxd4 10. Rd1 Bd7 {[%cal Ga8c8,Gc8c2] Schwarz entwickelt
schnell seinen Damenflügel.} 11. Nxd4 (11. Rxd4 $6 {Ftacnik} Rc8 12. Nc3 Nfd5
13. Bd2 Bf6 $15) 11... Rc8 12. Qd3 (12. Nc3 {Ftacnik} Nfd5 13. Bd2 Ba4 14. Nb3
O-O 15. e4 Nxc3 16. Bxc3 Qc7 $11) 12... Nfd5 $11 {Schwarz hat eine bequeme
Stellung, der d5N neutralisiert den katalanischen Läufer auf g2.} 13. a3 {
Weiß verteidigt sich vorher gegen Nb4 und bereitet den Zug e2-e4 vor.} (13. Nd2
O-O 14. N2f3 $11) (13. e4 $5 {Ftacnik} Nb4 14. Qe2 Ba4 15. Nb3 (15. b3 $2 Rxc1
$1 16. Rxc1 Qxd4 $19) 15... Qc7 16. Nc3 Bxb3 17. axb3 a6 18. Bf4 $14) 13... Bf6
{[%cal Gd5e7] Mit dieser Fortsetzung macht Schwarz Platz auf e7 - im Falle von
14.e4 - für den Springer.} 14. b3 {Ftacnik: 'White is solving the problems of
the opening very carefully, the priority is to limit opponent's pieces.'} (14.
e4 Ne7 15. Nb5 $5 (15. Nc3 $11)) 14... O-O 15. e4 (15. Bb2 e5 16. e4 $13) 15...
Ne7 16. Be3 (16. Bb2 Nc6) (16. Nc3 Nc6 17. Nde2 Ne5 18. Qc2 Qe7 19. Bb2 $11)
16... Nc6 17. Nxc6 (17. Nc3 Ne5 18. Qd2 Ng4 $36) 17... Bxc6 18. Ra2 {[%cal
Ga2e2]} Nd7 $1 {[%cal Gd8a5] Schwarz verbessert seine Springerstellung und
kann im folgenden Qa5 ziehen.} 19. Qe2 (19. Bxa7 $6 b6 $36) (19. f4 $5) 19...
Qa5 20. Rc2 (20. Rad2) 20... Rfd8 21. h3 a6 22. Qd2 $6 {'?' Ftacnik. Ftacnik:
'Tactically very unfortunate move, even though it would be a perfect antidote
to the possible Bb5 from black. '} (22. b4 Qa4 23. Rcd2 a5 $15) (22. f4 $5 Be7
{Ftacnik} 23. e5 Nb8 $11) (22. Rcd2 {Ftacnik} Nf8 $11) 22... Qb5 $1 $15 {
[%mdl 2048]} 23. Qb4 Qxb4 24. axb4 {[%csl Rb3,Rb4,Gc6,Gf6] Weiß hat eine
schlechte Bauernstruktur, demgegenüber hat Schwarz hat eine starke Stellung
ohne Schwächungen. Die schwarzen Läufer kontrollieren stark beide großen
Diagonalen.} Be7 25. Rc4 Ne5 26. Rcd4 Rxd4 (26... Kf8 $15) 27. Rxd4 Bb5 {
[%csl Rb4][%cal Re5c6,Rc6b4,Rc6d4] Mit diesem Zug bereitet Schwarz die
Möglichkeit 28...Nc6 vor.} (27... Nd7 {Ftacnik} 28. f4 e5 29. fxe5 Nxe5 30. Nc3
f6 $15) 28. f4 Nc6 29. Rd7 Bxb4 30. Rxb7 Na5 $6 {'?' Ftacnik. Ftacnik: 'Shirov
was not playing badly in Dos Hermanas, but his form was very far from maximum.
Positional triumph could have been coronated by the simple activizing of the
rook. '} (30... Rd8 $1 $17 {[%cal Gd8d3] '!' Ftacnik.} 31. Rc7 {Ftacnik} (31.
e5 {Ftacnik} Rd1+ 32. Kh2 Rxb1 33. Bxc6 Bxc6 34. Rb8+ Bf8 35. g4 g5 (35... Rb2+
36. Kg1 Rg2+ 37. Kf1 Rc2 38. b4 Bg2+ 39. Ke1 Bxh3 (39... g5 40. f5 h6 41. Bc5
Rxc5 42. bxc5 exf5 43. gxf5 Bxh3 44. c6 Bxf5 45. c7 (45. Re8 Kg7 46. e6 Bd6 47.
e7 Kf6 $19) 45... Kg7 $17)) 36. f5 exf5 37. gxf5 (37. Bxg5 f4 38. Bxf4 Rb2+ 39.
Kg1 Kg7 $19) 37... h5 (37... Rb2+ 38. Kg1 Rg2+ 39. Kf1 Rc2 40. b4 Bg2+ 41. Ke1
Bxh3 42. Bc5 Rxc5 43. bxc5 Bxf5 44. c6 Kg7 45. c7 Bc5 $17) 38. Bxg5 Rb2+ 39.
Kg3 Bd5 40. Rd8 Rxb3+ 41. Kh2 $17) (31. Kh2 {Ftacnik} Rd3 (31... Rd1 32. Rc7 $1
f6 33. e5 Rxb1 34. Bxc6 Bxc6 35. Rxc6 Rxb3 36. Bd4 $15) 32. Bf2 Rxb3 33. Rc7 g6
34. e5 Rb2 $19) (31. Rc7 Ba5 $19) (31. e5 Rd1+ 32. Kh2 Rxb1 33. Bxc6 Bxc6 34.
Rb8+ Bf8 35. g4 g5 (35... Rb2+ 36. Kg1 Rg2+ 37. Kf1 Rc2 38. b4 Bg2+ 39. Ke1
Bxh3 (39... g5 40. f5 h6 41. Bc5 Rxc5 42. bxc5 exf5 43. gxf5 Bxh3 44. c6 Bxf5
45. c7 (45. Re8 Kg7 46. e6 Bd6 47. e7 Kf6 $19) 45... Kg7 $17)) 36. f5 exf5 37.
gxf5 (37. Bxg5 f4 38. Bxf4 Rb2+ 39. Kg1 Kg7 $19) 37... h5 (37... Rb2+ 38. Kg1
Rg2+ 39. Kf1 Rc2 40. b4 Bg2+ 41. Ke1 Bxh3 42. Bc5 Rxc5 43. bxc5 Bxf5 44. c6 Kg7
45. c7 Bc5 $17) 38. Bxg5 Rb2+ 39. Kg3 Bd5 40. Rd8 Rxb3+ 41. Kh2 $17) 31... Ba5
$19) 31. Rb6 Nxb3 32. Bf1 $44 {Weiß hat aktives Figurenspiel am Damenflügel
und fühlbare Kompensation für den Bauern.} Bc5 (32... Bxf1 $2 33. Rxb4 Bc4 34.
Na3 $18) 33. Bxc5 Nxc5 34. Bxb5 axb5 35. Nd2 {[%mdl 4096]} (35. Rxb5 $2 Nxe4
$17) {[#]} 35... g5 $5 36. Rxb5 {'?!' Ftacnik.} (36. fxg5 {'!' Ftacnik.} Nd3
37. Rxb5 Rc2 38. Nf1 (38. Nb3 Kg7 {'=' Ftacnik.} 39. h4 Rc4 40. Nd2 Rc1+ 41.
Nf1 Re1 42. Kg2 Rxe4 43. Kf3 $11) 38... Nf2 39. Kg2 $11) 36... gxf4 37. gxf4
Nd3 38. Rg5+ {'?' Ftacnik. Ftacnik: 'Very unfortunate rook move, on g5 it will
be exposed to many dangers.'} (38. f5 Rc1+ 39. Nf1 Kg7 {'=/+' Ftacnik.} 40.
fxe6 fxe6 41. Rb3 Nc5 42. Re3 Kf6 $36) 38... Kf8 39. f5 $2 $138 (39. Rg4 $142
h5 (39... f5 40. exf5 exf5 41. Rg3 (41. Rg5 Rc5 42. Rh5 Kg7 $17) 41... Rc1+ (
41... Nxf4 42. Rf3 $11) 42. Kh2 Nxf4 43. Rf3 Rc2 44. Rxf4 Rxd2+ 45. Kg3 $11) (
39... Rc2 40. Nf3 Nf2 41. Rh4 Nxe4 42. Rxh7 Rc1+ 43. Kg2 Kg8 $15) 40. Rh4 Rc2
41. Nf3 Nc1 42. Ne1 Re2 (42... Rb2 43. Kf1) 43. Kf1 Rxe4 44. Ng2 Rb4 45. Rxh5
Rb2 $15) 39... Rc1+ 40. Nf1 Nf4 {[%cal Rf4h3,Rh3g1,Rh3g5]} 41. Rg4 e5 $1 {
[%csl Gf4] Schwarz hat einen ausgezeichneten Springerposten auf f4.} (41...
Nxh3+ $6 42. Kg2 e5 43. Kxh3 Rxf1 44. Kg2 $15) 42. Kf2 (42. Rh4 $2 h5 $19 {
[%csl Rh4]}) 42... Nxh3+ 43. Kg2 Nf4+ 44. Kf2 h5 $17 {Mit Mehrbauern und
aktiver Figurenstellung hat Schwarz gute Gewinnchancen.} 45. Rg3 h4 46. Rg4 h3
47. Rh4 Rc2+ 48. Kf3 Kg7 49. Ng3 Rc3+ 50. Kg4 f6 51. Nh1 Rb3 52. Nf2 Re3 $1 53.
Nxh3 Ne2 $1 $19 {[%csl Rh3,Rh4] Droht 54...Rxe4+ 55.Rh5 Ng3#. Nach diesem Zug
hat Weiß keine Verteidigung.} (53... Nxh3 54. Rxh3 Rxe4+ 55. Kh5 Rf4 56. Rg3+
Kf7 57. Rg7+ Kf8 $19 (57... Kxg7 $4 $11)) 54. Kh5 (54. Rh5 Rg3+ 55. Kh4 Rg2 $19
(55... Rc3 56. Nf2 Nf4 $19)) 54... Ng3+ 55. Kg4 Nxe4 56. Kh5 Ng3+ 57. Kg4 Ne2
58. Rh5 Rg3+ (58... Rg3+ 59. Kh4 Rg2 $19 (59... Rxh3+ 60. Kxh3 Nf4+ 61. Kg4
Nxh5 62. Kxh5 Kf7 $19)) 0-1

[Event "Linares zt"]
[Site "Linares"]
[Date "1995.??.??"]
[Round "2"]
[White "Miles, Anthony John"]
[Black "San Segundo Carrillo, Pablo"]
[Result "1-0"]
[WhiteElo "2600"]
[BlackElo "2520"]
[Annotator "Ribli,Z"]
[PlyCount "89"]
[EventDate "1995.11.??"]
[EventType "swiss"]
[EventRounds "11"]
[EventCountry "ESP"]
[SourceTitle "CBM 051"]
[Source "ChessBase"]
[SourceDate "1996.04.01"]
[SourceVersion "1"]
[SourceVersionDate "1996.04.01"]
[SourceQuality "1"]

1. Nf3 d5 2. c4 e6 3. g3 g6 {Eine interessante Idee von Yusupov.} 4. Bg2 Bg7 5.
d3 $146 (5. d4 Nc6 6. cxd5 exd5 7. Nc3 (7. b3 Nge7 8. Bb2 O-O 9. O-O Bf5 10.
Nc3 a6 11. Rc1 Qd6 12. Na4 b6 13. Qd2 Rac8 14. Qf4 Qd7 $1 15. Rfd1 f6 $13 {
Poldauf,D-Sher,M/Geneve op/1995/EXP46/}) 7... Nge7 8. O-O O-O 9. b3 Bg4 10. e3
Qd7 11. Ba3 Rfe8 12. Rc1 Rac8 $5 (12... Nd8 $6 13. h3 Bxf3 14. Qxf3 c6 15. h4
Ne6 16. Na4 $14 {Smejkal,J-Short,N/Prague/1990/CBM20/INF50,(06)/}) 13. Qd3 Bf5
14. Qd2 Bh3 15. Bxh3 Qxh3 16. Qd3 a6 17. Rc2 Rcd8 $10 {Stangl,M-Yusupov,A/
Altensteig/1993/CBM37/}) 5... Ne7 6. Nbd2 O-O 7. Rb1 (7. O-O $5 c5 8. cxd5 exd5
9. d4 {Weiss steht guenstieger als die Partie.}) 7... a5 8. O-O c5 {Droht /\
Nc6 und d4 mit bequemer Stellung.} 9. cxd5 exd5 10. d4 Bf5 {Schwarz gewinnt
fuer seine Entwicklung ein wichtiges Tempi.} 11. Ra1 c4 (11... cxd4 12. Nb3 d3
13. exd3 Nbc6 $13) 12. Nb1 (12. b3 $4 c3 13. Nb1 c2 $19) 12... Bxb1 {Schwarz
tauscht seinen weissfeldriegen Laeufer fuer den Springer und er hofft am
Damenfluegel in Vorteil zu kommen.} (12... b5 $5) 13. Rxb1 b5 14. b3 c3 {
Droht /\ b4 und Schwarz hat einen riesigen Freibauern auf c3.} 15. b4 $5 {
[#] Weiss will am Damenfluegel energisch vorgehen.} axb4 $6 (15... Nbc6 $5 16.
a3 axb4 17. axb4 Qb6 18. e3 Rfc8 19. Qd3 $13) 16. Rxb4 Qa5 17. Qb3 Qxa2 (17...
Rc8 $2 18. Bh3 $1 $16 {>< b5,b8}) 18. Qxc3 Nbc6 (18... Qxe2 $4 19. Re1 Qa2 20.
Rxe7 $18) 19. Rb2 $1 (19. Rxb5 Qxe2 $10) 19... Qc4 20. Qxc4 bxc4 21. e3 {
Trotz des reduzierten Materials besitzt Weiss besseren Aussichten; er hat
einen Laeuferpaar und der schwarze d5-Bauer ist schwach, ausserdem ist der
c4-Bauer nicht so gefaehrlich.} Rfb8 22. Rxb8+ Rxb8 23. Ba3 h6 {Sonst kann
-wegen Ng5- f5 nicht spielen.} 24. Rc1 f5 25. Nd2 $1 {Droht /\ Nxc4 und d5 mit
Bauerngewinn, weil den e7-Springer haengt.} Kf7 26. Nb1 $1 Rb3 27. Bc5 Ke6 28.
Nc3 $1 {>< d5} Bf6 29. Kf1 g5 30. Bf3 $1 Rb2 31. Ra1 $1 {Starke Zuege sind
manchmal ganz einfach: Ein Turm gehoert auf eine offene Linie. Jetzt kann der
Nachziehende die verschiedenen Drohungen nicht mehr parieren.} Rb3 {[#] Seiner
positionellen Ueberlegenheit konnte Weiss mit einem gefalligen taktischen
Schlaeg Nachdruck verleihen.} 32. Bxe7 Nxe7 (32... Rxc3 33. Bxf6 Kxf6 34. Ra6
$18) 33. Ra6+ Kd7 34. Nxd5 Rb1+ 35. Kg2 Nxd5 36. Bxd5 c3 37. Be6+ $1 (37. Rxf6
$2 c2 38. Rc6 c1=Q 39. Rxc1 Rxc1 $10) 37... Kc7 38. Bxf5 Rb6 39. Rxb6 Kxb6 40.
Kf3 Kb5 41. Bc2 h5 42. Ke4 Kc4 43. Kf5 Bd8 44. Ke6 Bc7 45. Kd7 {Ribli} 1-0

[Event "Bahrain"]
[Site "Bahrain"]
[Date "1990.??.??"]
[Round "9"]
[White "Hakki, Imad"]
[Black "Knezevic, Milorad"]
[Result "1/2-1/2"]
[WhiteElo "2330"]
[BlackElo "2445"]
[Annotator "Ribli,Z"]
[PlyCount "32"]
[EventDate "1990.??.??"]
[EventType "tourn"]
[EventRounds "11"]
[EventCountry "BAH"]
[EventCategory "7"]
[SourceTitle "CBM 020"]
[Source "ChessBase"]
[SourceDate "1991.02.01"]
[SourceVersion "1"]
[SourceVersionDate "1991.02.01"]
[SourceQuality "1"]

1. Nf3 Nf6 2. c4 e6 3. g3 a6 4. Bg2 b5 5. b3 Bb7 6. O-O (6. Nc3 b4 7. Na4 Be7
8. O-O O-O 9. d4 Be4 10. Nh4 $1 {Ribli-Speelman Belfort 1988 45/9}) 6... c5 7.
Nc3 bxc4 (7... Qb6 8. e3 d5 {Ribli,Z-Kortschnoj,V Barcelona WCup 1989 CBM/12
47/10}) 8. bxc4 Nc6 9. Rb1 Qc7 10. d3 Be7 11. Bf4 d6 12. e4 Rb8 13. e5 Nd7 14.
exd6 Bxd6 15. Be3 O-O 16. Ng5 Be5 1/2-1/2

[Event "New York Manhattan"]
[Site "New York"]
[Date "1990.??.??"]
[Round "4"]
[White "Wojtkiewicz, Aleksander"]
[Black "Bykhovsky, Avigdor"]
[Result "1/2-1/2"]
[WhiteElo "2550"]
[BlackElo "2495"]
[Annotator "Ribli,Z"]
[PlyCount "43"]
[EventDate "1990.04.??"]
[EventType "tourn"]
[EventRounds "9"]
[EventCountry "USA"]
[EventCategory "10"]
[SourceTitle "CBM 019"]
[Source "ChessBase"]
[SourceDate "1990.12.01"]
[SourceVersion "1"]
[SourceVersionDate "1990.12.01"]
[SourceQuality "1"]

1. Nf3 d5 2. c4 e6 3. g3 Nf6 4. Bg2 a6 5. b3 c5 (5... Bd6 6. d4 b6 7. O-O Bb7
8. cxd5 exd5 9. Nc3 Nbd7 10. Bf4 $1 Bxf4 11. gxf4 O-O 12. e3 Re8 13. Rc1 Nf8
14. Ne2 Ne4 15. Ng3 c5 16. dxc5 $14 {Xu Jun-Chernin Subotica izt 1987 43/13})
6. cxd5 exd5 7. d4 Nc6 8. O-O Be7 9. Bb2 O-O 10. Nc3 Bg4 11. dxc5 Bxc5 12. h3 (
12. Rc1 $5) 12... Bf5 13. e3 Rc8 14. Ne2 Nb4 15. Nf4 Be4 16. Nd4 Bxd4 17. Bxd4
Nc2 18. Rc1 Nxd4 19. Qxd4 Qa5 20. a4 h6 21. Qb2 $2 (21. Rfd1 $14) 21... Rfd8
22. Rfd1 {Ribli} 1/2-1/2

[Event "Munich"]
[Site "Munich"]
[Date "1990.??.??"]
[Round "?"]
[White "Ribli, Zoltan"]
[Black "Boensch, Uwe"]
[Result "1-0"]
[WhiteElo "2605"]
[BlackElo "2530"]
[Annotator "Ribli,Z"]
[PlyCount "109"]
[EventDate "1990.04.??"]
[EventType "tourn"]
[EventRounds "11"]
[EventCountry "GER"]
[EventCategory "13"]
[SourceTitle "CBM 018"]
[Source "ChessBase"]
[SourceDate "1990.10.01"]
[SourceVersion "1"]
[SourceVersionDate "1990.10.01"]
[SourceQuality "1"]

1. c4 e6 2. Nf3 d5 3. g3 Nf6 4. Bg2 dxc4 5. Qa4+ Bd7 6. Qxc4 c5 (6... Bc6 7.
O-O Nbd7 8. Qc2 $14 {Karpov,A-Sunye Neto,J/ Amsterdam 1985}) 7. Ne5 $1 (7. O-O
Bc6 8. d4 Nbd7 $11) 7... Qb6 8. Nxd7 Nbxd7 (8... Nfxd7 $5 {/\ Nc6}) 9. Nc3 Rb8
$6 (9... a6 $142) 10. d3 Bd6 11. O-O (11. Nb5 $6 Be5 12. f4 a6 13. fxe5 axb5)
11... O-O 12. Be3 Rfc8 13. Rab1 a6 14. b4 $1 Qd8 $1 (14... cxb4 $2 15. Qxc8+
Rxc8 16. Bxb6 bxc3 17. Bxb7 Rb8 18. Ba7 $18) (14... Ne5 15. Qb3 (15. Qh4 {
Comp Fritz} Ng6 16. Qh3) 15... Qxb4 16. Qc2 $1 Qa5 17. Bxb7 $14) 15. b5 $1 Nb6
16. Qb3 Ng4 $6 (16... c4 17. dxc4 Nxc4 18. Bg5 h6 19. Bxf6 Qxf6 20. Ne4 Qe7 $14
) 17. Bc1 c4 18. dxc4 Nxc4 19. Ne4 $1 axb5 20. Rd1 $1 Qb6 21. h3 Nge5 22. Qxb5
Qxb5 23. Rxb5 Be7 24. Bf4 $1 $16 f6 25. h4 b6 26. e3 $1 Kf8 (26... Kf7 27. Bxe5
Nxe5 28. Nd6+ Bxd6 29. Rxd6 $13) 27. a4 Kg8 28. Rc1 $1 Rd8 29. Bf1 Nd6 (29...
Rbc8 30. Bxe5 Nxe5 31. Rxc8 Rxc8 32. Rxb6 $16) 30. Bxe5 fxe5 31. Rxe5 Nxe4 32.
Rxe4 Rd6 33. Rc7 Bd8 34. Ra7 Bf6 35. Bc4 Re8 36. Kg2 Kf8 37. f4 {/\ f5} Re7 38.
Ra8+ Re8 39. Rxe8+ Kxe8 40. Rxe6+ Rxe6 41. Bxe6 Bc3 42. e4 Be1 43. h5 $1 h6 44.
e5 Ke7 45. Bd5 Kd7 46. Kf3 Ke7 47. g4 Bd2 48. Ke4 Bc1 (48... Be1 49. Kf5 Bh4 (
49... Bf2 {Comp Fritz} 50. g5 hxg5 51. fxg5 $18) 50. g5 hxg5 51. Kg4 (51. fxg5
$18 {Comp Fritz}) 51... Kd7 52. f5 Be1 53. f6 $1 (53. h6 gxh6 54. f6) 53...
gxf6 54. h6 $3 Bc3 55. h7 $18) 49. Kf5 Bd2 50. g5 hxg5 51. Kxg5 Bc1 52. Kf5 Be3
53. Ke4 Bd2 54. h6 $1 gxh6 55. f5 1-0

[Event "Tilburg"]
[Site "Tilburg"]
[Date "1993.??.??"]
[Round "2"]
[White "Lautier, Joel"]
[Black "Yermolinsky, Alex"]
[Result "0-1"]
[WhiteElo "2620"]
[BlackElo "2605"]
[Annotator "Ribli,Z"]
[PlyCount "122"]
[EventDate "1993.11.??"]
[EventType "k.o."]
[EventRounds "7"]
[EventCountry "NED"]
[SourceTitle "CBM 039"]
[Source "ChessBase"]
[SourceDate "1994.04.01"]
[SourceVersion "1"]
[SourceVersionDate "1994.04.01"]
[SourceQuality "1"]

1. c4 e6 2. g3 Nf6 3. Bg2 d5 4. Nf3 dxc4 5. Qa4+ Nbd7 6. Qxc4 c5 7. O-O (7. Qb3
$5) 7... b6 8. Nc3 Bb7 9. e4 Rc8 $5 10. Qe2 (10. Re1 Ng4 $5 $13 {Farago,
S-Lukacs,P/Budapest Exp/1993/CBM37/}) 10... Bd6 11. d4 (11. e5 $2 Bxf3 12. Bxf3
Nxe5 $19) 11... cxd4 12. Nxd4 O-O 13. Rd1 Qe7 14. Bg5 Be5 15. Be3 (15. f4 $5
Bxd4+ 16. Rxd4 h6 17. Bxf6 Nxf6 18. e5 $14) 15... Rfd8 16. Rac1 Nc5 17. f4 $2 (
17. f3 $13) 17... Bxd4 18. Bxd4 (18. Rxd4 Rxd4 19. Bxd4 Ncxe4 $17) 18... Ncxe4
$1 19. Nxe4 Rxc1 20. Rxc1 (20. Nxf6+ Qxf6 $1 21. Bxf6 Rcxd1+ $19) 20... Rxd4
21. Nxf6+ gxf6 22. Qe3 Rd8 23. f5 Bxg2 24. Kxg2 Qd6 $17 25. fxe6 Qd2+ (25...
fxe6 $5) 26. Qxd2 Rxd2+ 27. Kf3 fxe6 28. Rc8+ Kf7 29. Rc7+ Kg6 30. Rxa7 Rxb2 (
30... Rxh2 $5 31. b4 Rb2 32. a3 h5 $17) 31. h4 h5 32. Ra8 e5 33. Rg8+ Kf5 34.
Rh8 Rxa2 35. Rxh5+ Kg6 36. Rh8 Ra3+ 37. Kf2 Kf5 38. Rc8 Ra2+ 39. Ke3 b5 40. Rc6
Ra3+ 41. Kf2 b4 42. g4+ Kxg4 43. Rxf6 b3 44. h5 Ra2+ (44... Kxh5 $2 45. Rf5+
Kg4 46. Rxe5 Kf4 47. Rb5 (47. Re8 Ra2+ 48. Ke1 b2 $19) 47... Ke4 48. Ke2 Kd4
49. Kd2 Kc4 50. Rb8 Ra1 51. Rb7 Rh1 52. Rb8 $10) 45. Ke3 Rh2 46. Ke4 Rh1 47.
Rb6 Re1+ 48. Kd3 Kf3 49. Rf6+ Kg4 50. Rb6 Kf3 51. Rf6+ Kg3 52. Rb6 $2 (52. Rg6+
$1 Kh4 53. Rb6) 52... b2 $1 53. Rxb2 e4+ 54. Kd4 (54. Kd2 Kf2 $19) 54... Kf3
55. Rb8 Rd1+ $1 56. Kc3 Rd6 57. Rf8+ Ke2 58. Rh8 e3 59. h6 Rd3+ 60. Kc2 Rd7 61.
h7 Rf7 0-1

[Event "Villa Gesell"]
[Site "Villa Gesell"]
[Date "1996.??.??"]
[Round "6"]
[White "Spangenberg, Hugo"]
[Black "Slipak, Sergio"]
[Result "1/2-1/2"]
[WhiteElo "2505"]
[BlackElo "2535"]
[Annotator "Ribli,Z"]
[PlyCount "59"]
[EventDate "1996.03.??"]
[EventType "tourn"]
[EventRounds "11"]
[EventCountry "ARG"]
[EventCategory "11"]
[SourceTitle "CBM 052"]
[Source "ChessBase"]
[SourceDate "1996.06.01"]
[SourceVersion "1"]
[SourceVersionDate "1996.06.01"]
[SourceQuality "1"]

1. c4 e6 2. g3 d5 3. Bg2 Nf6 4. Nf3 dxc4 5. Qa4+ Nbd7 6. Qxc4 c5 7. d3 $5 (7.
Qb3 $5 {Diese Fortsetzung geniesst gegenwärtig große Popularität.}) 7... Bd6 8.
O-O (8. a4 $5 O-O (8... b6 $2 9. Nd4 Ne5 10. Nc6 $16 {Ribli,Z-Almasi,Z/Hungary
tt/1995/}) 9. Qb3 Ne5 (9... Rb8 10. Na3 Bc7 11. Nb5 Ba5+ 12. Nd2 a6 13. Nc3 b5
14. axb5 axb5 15. O-O Qb6 16. Nde4 Nxe4 17. Nxe4 Bb7 18. Be3 Bd5 19. Qa3 $16 {
Sherbakov,R-Palac,M/Bled op/1992/CBM29/}) 10. Nxe5 Bxe5 11. O-O Rb8 12. Na3 Nd5
13. Nc4 Bc7 14. Ne3 $36 {Hauchard,A-Kiselev,S/Bucharest/1993/CBM34/}) 8... Rb8
$5 $146 {Eine Neuerung, Schwarz will erst seinen Damenfluegel konsolidieren.} (
8... O-O 9. Nc3 a6 10. Ng5 {>< e6} Qc7 11. Be3 Ne5 12. Qb3 c4 13. dxc4 Nxc4 14.
Bd4 e5 15. Nd5 Nxd5 16. Bxd5 exd4 17. Bxc4 Qe7 18. Nf3 $14 {Serper,G-Cifuentes
Parada,R/Tilburg/1992/CBM32/}) 9. Nc3 a6 10. a4 b6 11. d4 $5 (11. Qb3 {siehe 7.
Qb3} Bb7 12. Rd1 O-O 13. d4 Qe7 14. Bg5 h6 15. Bxf6 Nxf6 16. e3 Rfd8 17. Qc4
Rbc8 $10 {Kortschnoj,V-Cifuentes Parada,R/Polanica Zdroj/1992/CBM31/}) 11...
Bb7 12. Rd1 Qe7 13. Ng5 $6 (13. Bg5 $1 h6 14. Bxf6 Nxf6 {Der Anziehende hat
zwei Tempo mehr als die Kortschnoj -Cifuentes Partie ,siehe bei Anmerkungen 11.
Qb3.} 15. e4 $36) 13... Bxg2 14. Kxg2 cxd4 15. Qxd4 Be5 $1 (15... Bc5 $2 16.
Qc4 $14 {>< a6}) 16. Qc4 Nc5 {Schwarz wird seine Entwicklung langsam beenden
und das Spiel wird ausgleichen.} 17. Bf4 Qb7+ $1 {Die schwarze Dame hat einen
guten Platz gefunden.} 18. Kg1 Bxf4 19. Qxf4 h6 20. Nf3 O-O $10 21. b4 Nce4 22.
Nxe4 Nxe4 23. Rac1 Rbc8 {/\ Nc3 ><e2,a4} 24. Qe5 $5 Nf6 25. b5 $5 {>< c6} axb5
26. axb5 Nd5 27. Nd4 Ne7 $1 {Natürlich will Schwarz Nd4-c6 nicht zulassen.} 28.
Qd6 (28. Rxc8 Rxc8 29. Nxe6 $2 fxe6 30. Qxe6+ Kf8 31. Rd7 $4 Rc1+ $19) 28...
Rcd8 29. Qa3 Rd5 30. Rd3 1/2-1/2

[Event "Munich"]
[Site "Munich"]
[Date "1990.??.??"]
[Round "?"]
[White "Bischoff, Klaus"]
[Black "Beliavsky, Alexander G"]
[Result "1/2-1/2"]
[WhiteElo "2505"]
[BlackElo "2640"]
[Annotator "Ribli,Z"]
[PlyCount "46"]
[EventDate "1990.04.??"]
[EventType "tourn"]
[EventRounds "11"]
[EventCountry "GER"]
[EventCategory "13"]
[SourceTitle "CBM 018"]
[Source "ChessBase"]
[SourceDate "1990.10.01"]
[SourceVersion "1"]
[SourceVersionDate "1990.10.01"]
[SourceQuality "1"]

1. c4 e6 2. Nc3 Nf6 3. Nf3 d5 4. e3 $5 (4. d4) 4... Be7 5. b3 O-O 6. Bb2 c5 7.
cxd5 Nxd5 (7... exd5 8. d4 Nc6 9. Be2) 8. Qb1 Nc6 9. Bd3 h6 10. O-O Qc7 11. Rc1
Rd8 12. Nxd5 exd5 (12... Rxd5 13. Be4 Rd8 14. d4 $14) 13. Bh7+ $1 Kh8 14. Bf5
b6 15. d4 a5 16. Bxc8 Qxc8 17. a4 Qe6 18. Bc3 Kg8 19. Qd3 Bf8 20. Qb5 Na7 21.
Qe2 Nc6 22. Qb5 Na7 23. Qe2 Nc6 1/2-1/2

[Event "Lyon zt"]
[Site "Lyon"]
[Date "1990.??.??"]
[Round "9"]
[White "Seret, Jean Luc"]
[Black "Van der Wiel, John"]
[Result "0-1"]
[WhiteElo "2405"]
[BlackElo "2550"]
[Annotator "Ribli,Z"]
[PlyCount "62"]
[EventDate "1990.04.??"]
[EventType "tourn"]
[EventRounds "13"]
[EventCountry "FRA"]
[EventCategory "8"]
[SourceTitle "CBM 018"]
[Source "ChessBase"]
[SourceDate "1990.10.01"]
[SourceVersion "1"]
[SourceVersionDate "1990.10.01"]
[SourceQuality "1"]

1. c4 e6 2. g3 Nf6 3. Bg2 d5 4. Nf3 dxc4 5. Qc2 a6 6. a4 $5 Nc6 7. Na3 {
7.Qxc4!?} b5 $1 8. O-O Nb4 9. Qb1 Bb7 $1 10. b3 {10.axb5, Be4! -/+} Be4 11. Qb2
cxb3 12. axb5 axb5 13. Nxb5 $6 {13.d3!?} Rb8 14. Nc3 Bc2 {=/+} 15. Ne1 Be7 16.
Ra3 O-O 17. Nxc2 bxc2 18. Rb3 c5 19. d3 Nfd5 20. Nxd5 exd5 21. Bf4 Bf6 {-/+}
22. Qc1 Ra8 23. Bd2 Ra2 24. e3 Qa5 25. Bxb4 cxb4 26. d4 Rc8 27. Qd2 c1=Q 28.
Rxc1 Rxd2 29. Rxc8+ Bd8 30. Rxb4 Rd1+ 31. Bf1 g6 0-1